Statistics for 1980s Oscar Best Actress Nominees

Click here to take the quiz!

General Stats

  • This quiz has been taken 492 times
    (338 since last reset)
  • The average score is 20 of 34

Answer Stats

MovieActress% Correct
A Cry in the Dark; Ironweed; Out of Africa; Silkwood; Sophie's Choice;
The French Lieutenant's Woman
Meryl Streep
99%
MoonstruckCher
95%
Gorillas in the Mist; AliensSigourney Weaver
94%
Dangerous Liaisons; Fatal AttractionGlenn Close
92%
The Color PurpleWhoopi Goldberg
90%
The AccusedJodie Foster
87%
On Golden PondKatharine Hepburn
84%
Crimes of the Heart; The River; Missing; Coal Miner's DaughterSissy Spacek
83%
Places in the Heart; Norma RaeSally Field
80%
Private BenjaminGoldie Hawn
76%
Terms of EndearmentShirley MacLaine
76%
The Morning After; The China SyndromeJane Fonda
74%
Working GirlMelanie Griffith
73%
Terms of Endearment; An Officer and a GentlemanDebra Winger
69%
Victor/VictoriaJulie Andrews
65%
Children of a Lesser GodMarlee Matlin
65%
The RoseBette Midler
58%
Sweet Dreams; Country; FrancesJessica Lange
54%
The Trip to BountifulGeraldine Page
51%
Peggy Sue Got MarriedKathleen Turner
51%
RedsDiane Keaton
50%
Ordinary PeopleMary Tyler Moore
50%
Broadcast NewsHolly Hunter
46%
Atlantic CitySusan Sarandon
46%
Educating RitaJulie Walters
44%
A Passage to IndiaJudy Davis
39%
Agnes of GodAnne Bancroft
29%
ResurrectionEllen Burstyn
26%
The BostoniansVenessa Redgrave
26%
Only When I Laugh; Chapter TwoMarsha Mason
21%
GloriaGena Rowlands
20%
Starting OverJill Clayburgh
20%
AnnaSally Kirkland
18%
TestamentJane Alexander
12%

Score Distribution

Percentile by Number Answered

Percent of People with Each Score

Your Score History

You have not taken this quiz since the last reset